| 000 | 00916cam a22003013a 4500 | ||
|---|---|---|---|
| 999 |
_c534016 _d534016 |
||
| 001 | 16409504 | ||
| 003 | NUST | ||
| 005 | 20200128134901.0 | ||
| 008 | 960916s1996 nyu 000 1 eng d | ||
| 010 | _a 97814485 | ||
| 020 |
_a0425155188 (pbk.) : _c$5.99 |
||
| 035 | _a(OCoLC)ocm35562711 | ||
| 038 | _aMSOHAIL | ||
| 040 |
_aUUC _cUUC _dOCL _dDLC |
||
| 050 | 0 | 0 | _aCPB Box no. 519 vol. 3 |
| 082 | _a813.54 | ||
| 100 | 1 |
_aRobb, J. D., _d1950- _911420 |
|
| 245 | 1 | 0 |
_aRapture in death / _cJ.D. Robb. |
| 250 | _aBerkley ed. | ||
| 260 |
_aNew York : _bBerkley Books, _c1996. |
||
| 300 |
_a314 p. ; _c18 cm. |
||
| 650 | 0 |
_aPolicewomen _vFiction. _911423 |
|
| 651 | 0 |
_aNew York (N.Y.) _vFiction. _94634 |
|
| 655 | 7 |
_aRomantic suspense fiction. _2gsafd _95598 |
|
| 710 | 2 |
_aCopyright Paperback Collection (Library of Congress) _5DLC _91743 |
|
| 906 |
_a7 _bcbc _ccopycat _d2 _encip _f19 _gy-genrareb |
||
| 942 |
_2ddc _cBK |
||